• 首页
  • 本馆介绍
  • 公告通知
  • 最新文献
  • 馆藏检索
  • 电子资源
  • 读者导购
  • 参考咨询
  • 我的图书馆
  • 登录
  • 详细信息显示
  • 放入我的书架
  • 预约/预借图书
  • 作者相关作品
  • 分类相关作品
  • 丛书相关作品
  • 出版社相关作品

书目信息

  • 表格格式
  • 工作单格式
  • 卡片格式
题名:
新编旅游美学
    
 
作者: 马莹 , 马国清 主编
分册:  
出版信息: 北京   中国旅游出版社  2005
页数: 389页
开本: 21cm
丛书名:
单 册:
中图分类: F590 , P901
科图分类:
主题词: 旅游--美学--高等学校--教材 , 景观美学--高等学校--教材 , 旅游 , 美学 , 景观美学
电子资源:
ISBN: 7-5032-2683-8
000 01190nam0 2200325 450
001 003031764
005 20091207094810.37
010    @a7-5032-2683-8@dCNY24.50
100    @a20051103d2005 em y0chiy0110 ea
101 0  @achi
102    @aCN@b110000
105    @aa z 000yy
106    @ar
200 1  @a新编旅游美学@9xin bian lv you mei xue@dNew applied tourism esthetics@f马莹,马国清主编@zeng
210    @a北京@c中国旅游出版社@d2005
215    @a389页@c图@d21cm
300    @a21世纪高等院校旅游管理专业课程教材 海南省哲学社会科学2003年规划课题(03-01) 海南大学旅游学院资助研究课题
330    @a本书分析了不同景观给审美主体带来的审美感受与领悟,突出了其应用性和操作性。书中把旅游过程中旅游者经常能观赏到但其他旅游美学又易忽略的宗教建筑、民俗风情等景观进行了透彻的审美分析等。
510 1  @aNew applied tourism esthetics@zeng
606 0  @a旅游@x美学@x高等学校@j教材
606 0  @a景观美学@x高等学校@j教材
606 0  @a旅游
606 0  @a美学
606 0  @a景观美学
690    @aF590@v4
690    @aP901@v4
701  0 @a马莹@9ma ying@c(旅游学)@4主编
701  0 @a马国清@9ma guo qing@c(旅游学)@4主编
801  0 @aCN@bNLC@c20091207
905    @b20796965-70@dF590@e251@f6
    
    新编旅游美学=New applied tourism esthetics/马莹,马国清主编.-北京:中国旅游出版社,2005
    389页:图;21cm
    21世纪高等院校旅游管理专业课程教材 海南省哲学社会科学2003年规划课题(03-01) 海南大学旅游学院资助研究课题
    
    ISBN 7-5032-2683-8:CNY24.50
    本书分析了不同景观给审美主体带来的审美感受与领悟,突出了其应用性和操作性。书中把旅游过程中旅游者经常能观赏到但其他旅游美学又易忽略的宗教建筑、民俗风情等景观进行了透彻的审美分析等。
●
相关链接 在E读中查询图书 在五车中查询图书 在当当中查询图书 在豆瓣中查询图书


正题名:新编旅游美学     索取号:F590/251         预约/预借

序号 登录号 条形码 馆藏地/架位号 状态 备注
1 796965   207969652   第一样本阅览室/ [索取号:F590/251] 在馆    
2 796966   207969661   第一借阅区/ [索取号:F590/251] 在馆    
3 796967   207969670   第一借阅区/ [索取号:F590/251] 在馆    
4 796968   207969689   第一借阅区/ [索取号:F590/251] 在馆    
5 796969   207969698   第一借阅区/ [索取号:F590/251] 在馆    
6 796970   207969705   密集书库-资源管理系/ [索取号:F590/251] 在馆    
唐山师范学院图书馆 欢迎您!
大连网信软件有限公司© 版权所有